[Event "1st EUR-ch"]
[Site "Saint Vincent ITA"]
[Date "2000.07.03"]
[Round "1.1"]
[White "Galego, Luis"]
[Black "Krasenkow, Michal"]
[Result "0-1"]
[WhiteElo "2419"]
[BlackElo "2702"]
[EventDate "2000.07.03"]
[PlyCount "72"]

1.e4 g6 2.h4 c5 3.h5 Bg7 4.Nc3 Nc6 5.d3 e6 6.g3 d6 7.Nf3 Nd4 8.Bg2 Ne7 9.
Bg5 h6 10.Bd2 g5 11.Nxd4 cxd4 12.Ne2 Nc6 13.f4 gxf4 14.gxf4 Bd7 15.Ng1 Qb6
16.Qb1 Rc8 17.b4 Ne7 18.a4 f5 19.Qb3 fxe4 20.Bxe4 d5 21.Bg6+ Kd8 22.O-O-O 
Kc7 23.Nf3 Kb8 24.Ne5 Bxe5 25.fxe5 Be8 26.Rhg1 Bxg6 27.hxg6 Rhg8 28.Rdf1 
Nf5 29.g7 Rxg7 30.Rxg7 Nxg7 31.Bxh6 Nf5 32.Bd2 Ne3 33.a5 Qb5 34.Bxe3 dxe3 
35.Rf3 d4 36.Qxe6 Qa4 0-1

[Event "1st EUR-ch"]
[Site "Saint Vincent ITA"]
[Date "2000.07.03"]
[Round "1.4"]
[White "Georgiev, Kiril"]
[Black "Nadanian, Ashot"]
[Result "1-0"]
[WhiteElo "2661"]
[BlackElo "2413"]
[EventDate "2000.07.03"]
[PlyCount "65"]

1.e4 c5 2.Nf3 e6 3.d4 cxd4 4.Nxd4 Bc5 5.Be3 Qb6 6.c3 Nc6 7.Nd2 d5 8.N2b3 
Bxd4 9.Nxd4 Qd8 10.Qg4 Nf6 11.Qxg7 Rg8 12.Qh6 Rg6 13.Nxc6 bxc6 14.Qf4 Rg4 
15.Qf3 dxe4 16.Qe2 a5 17.Rd1 Qc7 18.g3 Ba6 19.c4 a4 20.h3 Rg6 21.Qd2 Nd7 
22.Be2 Rb8 23.Qd4 c5 24.Qc3 Rb4 25.Qh8+ Ke7 26.Bh5 Rb8 27.Qc3 Rgg8 28.Bf4 
e5 29.Rxd7+ Qxd7 30.Qxe5+ Qe6 31.Qxc5+ Kf6 32.Bg4 Rxg4 33.hxg4 1-0

[Event "1st EUR-ch"]
[Site "Saint Vincent ITA"]
[Date "2000.07.03"]
[Round "1.5"]
[White "Miljanic, Boro"]
[Black "Beliavsky, Alexander"]
[Result "0-1"]
[WhiteElo "2401"]
[BlackElo "2654"]
[EventDate "2000.07.03"]
[PlyCount "52"]

1.e4 e5 2.Nf3 Nc6 3.Bc4 Nf6 4.d3 Bc5 5.Nc3 a6 6.Bg5 h6 7.Bxf6 Qxf6 8.Nd5 
Qd8 9.c3 d6 10.d4 exd4 11.cxd4 Ba7 12.h3 O-O 13.Rc1 Re8 14.O-O Rxe4 15.Bd3
Re8 16.Bb1 Bd7 17.Qd3 g6 18.Qd2 Kg7 19.Rfe1 Rc8 20.Rxe8 Qxe8 21.Re1 Qf8 
22.g4 Re8 23.Rxe8 Qxe8 24.Qf4 Qe6 25.g5 hxg5 26.Qxg5 Nxd4 0-1

[Event "1st EUR-ch"]
[Site "Saint Vincent ITA"]
[Date "2000.07.03"]
[Round "1.6"]
[White "Fedorov, Alexei"]
[Black "Sorensen, Jan"]
[Result "1-0"]
[WhiteElo "2646"]
[BlackElo "2399"]
[EventDate "2000.07.03"]
[PlyCount "149"]

1.e4 e6 2.d4 d5 3.Nc3 Bb4 4.e5 Ne7 5.a3 Bxc3+ 6.bxc3 c5 7.Nf3 Qa5 8.Bd2 
Qc7 9.h4 h6 10.h5 b6 11.Bb5+ Bd7 12.Bd3 Ba4 13.O-O Nbc6 14.Re1 c4 15.Bf1 
O-O-O 16.g3 Qd7 17.Bh3 Qe8 18.Nh4 Qg8 19.Ng2 Kb7 20.Ne3 g6 21.Ra2 Nf5 22.
Ng4 gxh5 23.Nf6 Qg6 24.Nxh5 Ng7 25.Nf4 Qh7 26.Ng2 Rdg8 27.Kh2 a5 28.Rb2 
Ka6 29.Ne3 h5 30.Qf3 Ne7 31.Qxf7 Re8 32.Qf3 Rhf8 33.Qe2 Ka7 34.Bc1 Ngf5 
35.Rf1 Rg8 36.Ng2 Qf7 37.Bf4 Rg7 38.Rfb1 Rb8 39.Qd2 Qg6 40.Ne1 Rgg8 41.Nf3
Rgf8 42.Bg5 Rf7 43.Bxe7 Rxe7 44.Qg5 Qxg5 45.Nxg5 Ng7 46.Re1 Rf8 47.Kg2 Rh8
48.Re3 Rf8 49.Nh7 Rh8 50.Nf6 Be8 51.Rf3 Bg6 52.Rf4 Ka6 53.Kf3 Kb7 54.Ke2 
Kc6 55.Kd2 Rf7 56.Rb1 Rhf8 57.Rh4 Rb8 58.f3 Rbf8 59.g4 Rxf6 60.exf6 Rxf6 
61.Ke3 Bxc2 62.Rg1 hxg4 63.fxg4 Kb5 64.Rf1 Rg6 65.Rh8 e5 66.dxe5 Rg5 67.
Kd4 Be4 68.Rf6 Ka4 69.e6 Kxa3 70.e7 b5 71.Ra6 b4 72.cxb4 Bg6 73.bxa5 Bf7 
74.Rf6 Be8 75.a6 1-0

[Event "1st EUR-ch"]
[Site "Saint Vincent ITA"]
[Date "2000.07.03"]
[Round "1.8"]
[White "Kharlov, Andrei"]
[Black "Dittmar, Peter"]
[Result "1-0"]
[WhiteElo "2627"]
[BlackElo "2364"]
[EventDate "2000.07.03"]
[PlyCount "53"]

1.c4 e6 2.Nf3 d5 3.d4 c5 4.e3 Nf6 5.Nc3 Nc6 6.a3 a6 7.dxc5 Bxc5 8.b4 Bd6 
9.Bb2 O-O 10.cxd5 exd5 11.Be2 Re8 12.O-O Bc7 13.Na4 Ne4 14.Nd4 Qd6 15.f4 
Bd7 16.Rc1 Rad8 17.Bf3 Qg6 18.Bh5 Qh6 19.Bg4 Nxd4 20.Bxd7 Rxd7 21.Bxd4 
Rde7 22.Rc2 Nd6 23.Nc3 Qe6 24.Bc5 Rd7 25.Nxd5 Nf5 26.e4 Kh8 27.Nxc7 1-0

[Event "1st EUR-ch"]
[Site "Saint Vincent ITA"]
[Date "2000.07.03"]
[Round "1.9"]
[White "Shevelev, Arkady"]
[Black "Milov, Vadim"]
[Result "0-1"]
[WhiteElo "2354"]
[BlackElo "2626"]
[EventDate "2000.07.03"]
[PlyCount "74"]

1.e4 c5 2.Nc3 e6 3.Nf3 a6 4.d4 cxd4 5.Nxd4 b5 6.Bd3 Bb7 7.O-O Qb6 8.Nb3 
Qc7 9.Qe2 d6 10.f4 Nd7 11.f5 e5 12.a4 b4 13.Nd5 Bxd5 14.exd5 Ngf6 15.Kh1 
Be7 16.Bxa6 Nxd5 17.Bc4 N5f6 18.Bg5 O-O 19.Rfd1 Rfd8 20.Bb5 d5 21.Rac1 d4 
22.Re1 Re8 23.Nd2 Nd5 24.Ne4 Bxg5 25.Nxg5 Re7 26.Bc4 Ne3 27.Bb3 Nf6 28.Qf3
e4 29.Qg3 Qxg3 30.hxg3 Nxf5 31.Kh2 Ra5 32.Kh3 Ne3 33.g4 Rxg5 34.c3 Nfxg4 
35.Kh4 h6 36.cxd4 Nxg2+ 37.Kg3 Ne5+ 0-1

[Event "1st EUR-ch"]
[Site "Saint Vincent ITA"]
[Date "2000.07.03"]
[Round "1.10"]
[White "Aldrovandi, Costantino"]
[Black "Morovic, Ivan"]
[Result "0-1"]
[WhiteElo "2351"]
[BlackElo "2608"]
[EventDate "2000.07.03"]
[PlyCount "78"]

1.c4 c6 2.Nc3 d5 3.cxd5 cxd5 4.d4 Nf6 5.Nf3 Nc6 6.Bf4 Ne4 7.Nd2 Nxc3 8.
bxc3 g6 9.e3 Bg7 10.Be2 O-O 11.O-O b6 12.Rc1 Bb7 13.c4 e5 14.dxe5 Nxe5 15.
cxd5 Qxd5 16.Nf3 Qa5 17.Bxe5 Bxe5 18.Nxe5 Qxe5 19.Qd7 Bd5 20.Rfd1 Bxa2 21.
Bf3 Be6 22.Qc7 Qxc7 23.Rxc7 Rab8 24.Rxa7 b5 25.Rb1 b4 26.Kf1 b3 27.Rb2 
Rfc8 28.Ra1 Rc2 29.Rab1 Rd8 30.Rxc2 bxc2 31.Rc1 Bb3 32.Ke1 Kf8 33.Ra1 Rd7 
34.Be2 Ke7 35.f3 Kd8 36.f4 Kc7 37.e4 Kb6 38.g4 Kc5 39.Kf2 Rd1 0-1

[Event "1st EUR-ch"]
[Site "Saint Vincent ITA"]
[Date "2000.07.03"]
[Round "1.11"]
[White "Tiviakov, Sergei"]
[Black "Drei, Andrea"]
[Result "1-0"]
[WhiteElo "2608"]
[BlackElo "2350"]
[EventDate "2000.07.03"]
[PlyCount "77"]

1.e4 c5 2.Nf3 e6 3.d4 cxd4 4.Nxd4 Nc6 5.Nc3 Qc7 6.g3 a6 7.Bg2 Nf6 8.O-O 
Bc5 9.Nxc6 dxc6 10.Na4 Ba7 11.c4 Nd7 12.Qc2 Bd4 13.c5 e5 14.Re1 Nf8 15.Nb6
Rb8 16.Rb1 Ne6 17.b4 h5 18.Nc4 h4 19.Rb3 Kf8 20.Rf3 hxg3 21.hxg3 Nd8 22.
Bb2 Bxb2 23.Qxb2 Bg4 24.Rd3 f6 25.f4 Nf7 26.Rf1 Ke7 27.Nd6 Rhf8 28.Nxf7 
Rxf7 29.Rd6 exf4 30.Rxf4 Be6 31.e5 f5 32.Rh4 Rbf8 33.Qd2 f4 34.gxf4 Qc8 
35.Be4 g5 36.Rh6 Bh3 37.Rde6+ Bxe6 38.Qd6+ Ke8 39.Rxe6+ 1-0

[Event "1st EUR-ch"]
[Site "Saint Vincent ITA"]
[Date "2000.07.03"]
[Round "1.13"]
[White "Lutz, Christopher"]
[Black "Pedersen, Jan"]
[Result "1-0"]
[WhiteElo "2595"]
[BlackElo "2322"]
[EventDate "2000.07.03"]
[PlyCount "71"]

1.e4 e6 2.d4 d5 3.Nc3 Nf6 4.Bg5 Be7 5.e5 Nfd7 6.Bxe7 Qxe7 7.f4 a6 8.Nf3 c5
9.Qd2 Nc6 10.dxc5 Nxc5 11.O-O-O O-O 12.Qe3 b5 13.Kb1 b4 14.Ne2 Rb8 15.Ned4
Nxd4 16.Nxd4 Bd7 17.Bd3 a5 18.Rhf1 Nxd3 19.cxd3 Rfc8 20.g4 b3 21.a3 Rc2 
22.f5 Qh4 23.h3 Rbc8 24.Rde1 Rh2 25.Nf3 Qxh3 26.Nxh2 Qxh2 27.Rc1 Rc2 28.
Rxc2 Qxc2+ 29.Ka1 exf5 30.Rc1 f4 31.Qxf4 Qxd3 32.Qg5 Be8 33.Qe7 Qb5 34.e6 
fxe6 35.Qxe6+ Kf8 36.Re1 1-0

[Event "1st EUR-ch"]
[Site "Saint Vincent ITA"]
[Date "2000.07.03"]
[Round "1.14"]
[White "Ribshtein, Nati"]
[Black "Alexandrov, Alexei"]
[Result "0-1"]
[WhiteElo "2317"]
[BlackElo "2591"]
[EventDate "2000.07.03"]
[PlyCount "134"]

1.e4 e5 2.Nf3 Nc6 3.Bb5 Nf6 4.d3 d6 5.c3 g6 6.O-O Bg7 7.Nbd2 O-O 8.Re1 a6 
9.Ba4 Nd7 10.b4 b5 11.Bb3 a5 12.bxa5 Rxa5 13.Nf1 Nc5 14.Bc2 Bd7 15.Ne3 Ne6
16.Nd5 f5 17.Bb2 fxe4 18.dxe4 Ra8 19.a4 bxa4 20.Rxa4 Rb8 21.Bc1 Nc5 22.Bg5
Qc8 23.Ra2 Bg4 24.Re3 h6 25.Bh4 Qb7 26.h3 Be6 27.Nh2 Kh7 28.Rf3 Rf4 29.Ng4
Rxg4 30.hxg4 Bxg4 31.Ne3 Bxf3 32.Qxf3 Rf8 33.Qe2 Bf6 34.Bxf6 Rxf6 35.Ng4 
Rf4 36.g3 Rf8 37.Qd2 g5 38.f4 Qc8 39.f5 Ne7 40.Ra7 Qb8 41.Qh2 Ng8 42.Ra2 
Qb6 43.Qh5 Nxe4+ 44.Kh2 d5 45.f6 Rxf6 46.Nxf6+ Qxf6 47.Bxe4+ dxe4 48.Qg4 
Qc6 49.Qf5+ Kg7 50.Qxe5+ Nf6 51.Ra7 Kg6 52.Qxc7 Qd5 53.Qb6 Qd2+ 54.Kh1 
Qxc3 55.Ra6 g4 56.Qe6 Kg5 57.Rc6 Qd4 58.Qd6 Qxd6 59.Rxd6 Kf5 60.Kg2 e3 61.
Ra6 h5 62.Ra5+ Ke4 63.Ra4+ Ke5 64.Ra5+ Nd5 65.Ra8 Nc3 66.Re8+ Kd4 67.Rd8+ 
Ke4 0-1

[Event "1st EUR-ch"]
[Site "Saint Vincent ITA"]
[Date "2000.07.03"]
[Round "1.15"]
[White "Romanishin, Oleg"]
[Black "Kennaugh, Charles"]
[Result "1-0"]
[WhiteElo "2591"]
[BlackElo "2289"]
[EventDate "2000.07.03"]
[PlyCount "49"]

1.Nf3 d5 2.d4 Nf6 3.c4 e6 4.g3 c5 5.Bg2 cxd4 6.O-O Nc6 7.cxd5 Nxd5 8.Nxd4 
Bd7 9.Nb3 Nb6 10.Nc3 Rc8 11.Ne4 Ne5 12.Qd4 Nc6 13.Nd6+ Bxd6 14.Qxd6 Nc4 
15.Qc5 N6a5 16.Qxa7 Ra8 17.Qd4 e5 18.Qc3 O-O 19.Nc5 Bb5 20.a4 Bc6 21.Bxc6 
bxc6 22.b4 Qd5 23.e4 Qd6 24.bxa5 Qxc5 25.Be3 1-0

[Event "1st EUR-ch"]
[Site "Saint Vincent ITA"]
[Date "2000.07.03"]
[Round "1.17"]
[White "Yakovich, Yury"]
[Black "Calzetta Ruiz, Monica"]
[Result "1-0"]
[WhiteElo "2585"]
[BlackElo "2282"]
[EventDate "2000.07.03"]
[PlyCount "57"]

1.d4 Nf6 2.c4 c5 3.d5 b5 4.cxb5 a6 5.bxa6 Bxa6 6.Nc3 g6 7.g3 Bg7 8.Bg2 d6 
9.Nf3 Nbd7 10.Rb1 O-O 11.O-O Qa5 12.Bd2 Rfb8 13.Qc2 Qd8 14.b3 Nb6 15.Nh4 
Ne8 16.Rfe1 Nc7 17.e4 c4 18.Be3 cxb3 19.axb3 Nd7 20.Qd2 Ne5 21.Nf3 Nxf3+ 
22.Bxf3 Rb4 23.Na2 Rb7 24.Nb4 Nb5 25.Nc6 Qe8 26.Rbc1 h5 27.Be2 Nc7 28.Na5 
Bxe2 29.Nxb7 1-0

[Event "1st EUR-ch"]
[Site "Saint Vincent ITA"]
[Date "2000.07.03"]
[Round "1.18"]
[White "Mukic, Josko"]
[Black "Miles, Anthony"]
[Result "1/2-1/2"]
[WhiteElo "2278"]
[BlackElo "2584"]
[EventDate "2000.07.03"]
[PlyCount "89"]

1.d4 d5 2.Nf3 Nf6 3.Bf4 c6 4.e3 Qb6 5.b3 Bg4 6.Bd3 Nbd7 7.h3 Bxf3 8.Qxf3 
c5 9.c3 e6 10.O-O Bd6 11.Nd2 O-O 12.Bxd6 Qxd6 13.e4 cxd4 14.cxd4 Qb4 15.
Qe3 dxe4 16.Bxe4 Nxe4 17.Nxe4 Nb6 18.Rac1 Nd5 19.Qd3 Rad8 20.Ng5 Nf6 21.
Nf3 Qa5 22.Rc2 Nd5 23.Qe4 Rd6 24.Rfc1 h6 25.Ne5 Rdd8 26.Nf3 Qb6 27.Rc5 Qa6
28.a4 Qd6 29.g3 b6 30.Rc6 Qa3 31.Qb1 Qe7 32.Qe4 Qb7 33.Qe2 Rc8 34.R6c4 Ne7
35.Rxc8 Rxc8 36.Rxc8+ Qxc8 37.Qc4 Qd8 38.Ne5 Nf5 39.Nc6 Qd7 40.b4 Ne7 41.
Nxe7+ Qxe7 42.d5 exd5 43.Qxd5 Qxb4 44.Qa8+ Kh7 45.Qxa7 1/2-1/2

[Event "1st EUR-ch"]
[Site "Saint Vincent ITA"]
[Date "2000.07.03"]
[Round "1.19"]
[White "Chernin, Alexander"]
[Black "Vujovic, Milorad"]
[Result "1-0"]
[WhiteElo "2572"]
[BlackElo "2275"]
[EventDate "2000.07.03"]
[PlyCount "61"]

1.d4 Nf6 2.c4 e6 3.Nc3 Bb4 4.Qc2 d5 5.cxd5 exd5 6.Bg5 O-O 7.e3 Re8 8.a3 
Be7 9.Bd3 h6 10.Bh4 c5 11.Nge2 cxd4 12.Nxd4 Nc6 13.Nxc6 bxc6 14.O-O c5 15.
Rfd1 Be6 16.Bb5 Rf8 17.Bc6 Rb8 18.Nxd5 Bxd5 19.Bxd5 Qb6 20.Bxf6 Bxf6 21.
Rab1 Rfd8 22.b3 Rd7 23.b4 Qd8 24.Qxc5 a5 25.Qc4 axb4 26.Bxf7+ Kf8 27.Rxd7 
Qxd7 28.Be6 Qa4 29.axb4 Rd8 30.g3 Ke7 31.Bg4 1-0

[Event "1st EUR-ch"]
[Site "Saint Vincent ITA"]
[Date "2000.07.03"]
[Round "1.22"]
[White "Livshits, Gaby"]
[Black "Epishin, Vladimir"]
[Result "0-1"]
[WhiteElo "2217"]
[BlackElo "2567"]
[EventDate "2000.07.03"]
[PlyCount "76"]

1.e4 c5 2.Nf3 d6 3.d4 cxd4 4.Nxd4 Nf6 5.Nc3 Nc6 6.Bc4 e5 7.Nde2 Be6 8.Bxe6
fxe6 9.Bg5 h6 10.Bh4 Be7 11.Qd2 O-O 12.O-O-O b5 13.f3 Qa5 14.b3 Rfd8 15.
Qe1 Rac8 16.Kb1 Nb4 17.Kb2 Nxc2 18.Kxc2 Qxa2+ 19.Kd3 Qxb3 20.Ke3 Qc4 21.
Kf2 Ng4+ 22.fxg4 Bxh4+ 23.g3 Be7 24.Rf1 b4 25.Nb1 Qxe4 26.Kg1 Bg5 27.h4 
Rc2 28.Nf4 Qxe1 29.Rfxe1 Bxf4 30.gxf4 exf4 31.Rxe6 a5 32.Nd2 a4 33.Re4 Rb8
34.Kf1 a3 35.Nb3 Rc3 36.Rb1 a2 37.Ra1 Rxb3 38.Rxa2 Rb1+ 0-1

[Event "1st EUR-ch"]
[Site "Saint Vincent ITA"]
[Date "2000.07.03"]
[Round "1.23"]
[White "Sax, Gyula"]
[Black "Mauro, Alan"]
[Result "1-0"]
[WhiteElo "2563"]
[BlackElo "2214"]
[EventDate "2000.07.03"]
[PlyCount "61"]

1.e4 c5 2.Nf3 d6 3.d4 cxd4 4.Nxd4 Nf6 5.Nc3 g6 6.g3 Bg7 7.Bg2 O-O 8.O-O 
Bg4 9.Qd3 Nc6 10.h3 Bd7 11.Nde2 Rc8 12.Qd1 Na5 13.a4 Qc7 14.Nf4 Rfe8 15.g4
g5 16.Nd3 h6 17.Re1 Nc4 18.Ne2 Ne5 19.Nxe5 dxe5 20.c3 Red8 21.Qc2 b5 22.
axb5 Bxb5 23.Ng3 e6 24.Bf1 Bxf1 25.Nxf1 Bf8 26.Be3 Bc5 27.Ra4 Rd7 28.Rc4 
Qd8 29.Rxc5 Rxc5 30.Bxc5 h5 31.Be3 1-0

[Event "1st EUR-ch"]
[Site "Saint Vincent ITA"]
[Date "2000.07.03"]
[Round "1.24"]
[White "Ubezio, Marco"]
[Black "Bauer, Christian"]
[Result "0-1"]
[WhiteElo "2209"]
[BlackElo "2562"]
[EventDate "2000.07.03"]
[PlyCount "76"]

1.d4 Nf6 2.Bg5 c5 3.Bxf6 gxf6 4.d5 Qb6 5.Qc1 f5 6.e3 Bg7 7.c3 d6 8.Nd2 Nd7
9.Bc4 Ne5 10.Be2 e6 11.Nc4 Qc7 12.Qd1 O-O 13.Nf3 Rd8 14.Nfxe5 dxe5 15.d6 
Qc6 16.a4 Qxg2 17.Bf3 Qg5 18.Qb3 e4 19.h4 Qf6 20.Be2 b6 21.O-O-O Bb7 22.
Rhg1 Kh8 23.h5 Bd5 24.Qb5 f4 25.Rg4 fxe3 26.fxe3 Qf2 27.h6 Bxh6 28.Ne5 Qf5
29.Nc6 Rxd6 30.Nxa7 Bxe3+ 31.Kb1 Bf2 32.c4 e3+ 33.Ka1 Bf3 34.Bxf3 Qxf3 35.
Rxd6 Qxg4 36.Qxb6 e2 37.Rd8+ Rxd8 38.Qxd8+ Kg7 0-1

[Event "1st EUR-ch"]
[Site "Saint Vincent ITA"]
[Date "2000.07.03"]
[Round "1.25"]
[White "Gdanski, Jacek"]
[Black "Zawadski, Stephane"]
[Result "1-0"]
[WhiteElo "2557"]
[BlackElo "2209"]
[EventDate "2000.07.03"]
[PlyCount "85"]

1.e4 d6 2.d4 Nf6 3.Nc3 g6 4.f4 Bg7 5.Nf3 O-O 6.Be2 c5 7.dxc5 Qa5 8.O-O 
Qxc5+ 9.Kh1 Nc6 10.Bd3 Bg4 11.Qe1 Bxf3 12.Rxf3 Nb4 13.Be3 Nxd3 14.cxd3 Qb4
15.Rb1 e6 16.Bg1 Rfe8 17.a3 Qa5 18.Qh4 Nd7 19.Rbf1 Bxc3 20.bxc3 Qxc3 21.f5
exf5 22.exf5 Qg7 23.f6 Qf8 24.Rh3 h5 25.g4 Re5 26.Bd4 Rae8 27.Bxe5 Rxe5 
28.gxh5 g5 29.Rg3 Qh6 30.Rfg1 Nxf6 31.Rxg5+ Kh7 32.Qf4 Rxg5 33.Rxg5 d5 34.
h4 b6 35.Qf5+ Kh8 36.Qe5 Kh7 37.Kg2 a5 38.a4 Kh8 39.Qb8+ Kh7 40.Qxb6 Nxh5 
41.Qxh6+ Kxh6 42.Kf3 Nf6 43.Ke3 1-0

[Event "1st EUR-ch"]
[Site "Saint Vincent ITA"]
[Date "2000.07.03"]
[Round "1.27"]
[White "Vallejo Pons, Francisco"]
[Black "Ciuffoletti, Paolo"]
[Result "1-0"]
[WhiteElo "2554"]
[BlackElo "2178"]
[EventDate "2000.07.03"]
[PlyCount "73"]

1.Nf3 g6 2.c4 Bg7 3.Nc3 d6 4.d4 Bg4 5.Qd3 e5 6.dxe5 dxe5 7.Qe4 Bxf3 8.gxf3
Nc6 9.h4 Nf6 10.Qc2 Nd4 11.Qd1 Qe7 12.e3 O-O-O 13.Bd2 Rhe8 14.Bg2 Ne6 15.
Qc2 Nc5 16.Rd1 Nd3+ 17.Ke2 Kb8 18.Ne4 Nxe4 19.fxe4 h5 20.Bc3 Nb4 21.Qa4 
Nc6 22.Rd5 Bf6 23.b4 Bxh4 24.b5 Rxd5 25.cxd5 Nd8 26.b6 axb6 27.Rxh4 b5 28.
Qxb5 c6 29.dxc6 Nxc6 30.Rh1 Qa3 31.Rb1 Re7 32.Qb3 Qa6+ 33.Ke1 Na7 34.Qd5 
Qe6 35.Bxe5+ Qxe5 36.Rxb7+ Kc8 37.Qxe5 1-0

[Event "1st EUR-ch"]
[Site "Saint Vincent ITA"]
[Date "2000.07.03"]
[Round "1.28"]
[White "Kovarcik, Guillaume"]
[Black "Hertneck, Gerald"]
[Result "0-1"]
[WhiteElo "2173"]
[BlackElo "2541"]
[EventDate "2000.07.03"]
[PlyCount "60"]

1.Nc3 d5 2.e4 d4 3.Nce2 e5 4.Ng3 Be6 5.Nf3 f6 6.Bb5+ c6 7.Ba4 Na6 8.O-O 
Nc5 9.Bb3 Nxb3 10.axb3 d3 11.c3 Bc5 12.b4 Bb6 13.b3 Qd7 14.Bb2 Ne7 15.c4 
Ng6 16.Re1 h5 17.c5 Bc7 18.Re3 h4 19.Nf1 Nf4 20.Ne1 a6 21.g3 hxg3 22.fxg3 
Bg4 23.Qb1 Nh3+ 24.Kg2 Qf7 25.Nxd3 O-O-O 26.Bc3 f5 27.Nf2 Nxf2 28.Kxf2 f4 
29.gxf4 exf4 30.Rd3 Rde8 0-1

[Event "1st EUR-ch"]
[Site "Saint Vincent ITA"]
[Date "2000.07.03"]
[Round "1.29"]
[White "Macieja, Bartlomiej"]
[Black "Scholz, Franz-Peter"]
[Result "1-0"]
[WhiteElo "2536"]
[BlackElo "2160"]
[EventDate "2000.07.03"]
[PlyCount "67"]

1.e4 d6 2.Nc3 e5 3.f4 Nc6 4.Nf3 Nf6 5.Bb5 Bd7 6.d3 Nd4 7.Bxd7+ Qxd7 8.O-O 
Nxf3+ 9.Qxf3 O-O-O 10.fxe5 dxe5 11.Bg5 Be7 12.Bxf6 Qd4+ 13.Qf2 Bxf6 14.Nd5
Rxd5 15.exd5 Qxd5 16.Qxa7 b6 17.Qa4 Kb8 18.Qb3 Qc5+ 19.Kh1 h5 20.Qxf7 h4 
21.h3 Rd8 22.Rae1 Rd4 23.Re2 Qb5 24.Qb3 Rb4 25.Qg8+ Kb7 26.c4 Qd7 27.Qh7 
Qd4 28.b3 b5 29.Qe4+ Kb6 30.Qxd4+ exd4 31.c5+ Kxc5 32.Rc2+ Kd6 33.Rb1 c5 
34.a3 1-0

[Event "1st EUR-ch"]
[Site "Saint Vincent ITA"]
[Date "2000.07.03"]
[Round "1.30"]
[White "Roberts, Paul"]
[Black "Fressinet, Laurent"]
[Result "0-1"]
[WhiteElo "2148"]
[BlackElo "2536"]
[EventDate "2000.07.03"]
[PlyCount "96"]

1.e4 c5 2.Nf3 d6 3.d4 cxd4 4.Nxd4 Nf6 5.Nc3 a6 6.f3 e5 7.Nb3 Be6 8.Be3 
Nbd7 9.Qd2 b5 10.a4 b4 11.Nd5 Bxd5 12.exd5 Nb6 13.Bxb6 Qxb6 14.a5 Qb7 15.
Bc4 Be7 16.Ra4 Rb8 17.Nc1 O-O 18.Na2 Nd7 19.Rxb4 Qc7 20.Rxb8 Rxb8 21.b3 
Qc5 22.Bxa6 Qa3 23.Nc1 Bd8 24.O-O Bxa5 25.Qe2 Qc5+ 26.Kh1 Qxd5 27.Rd1 Qc6 
28.Bc4 Nf6 29.Nd3 Bc3 30.Nf2 d5 31.Bd3 g6 32.Rb1 Qe6 33.Nd1 Bb4 34.Ra1 Nh5
35.Ra6 Qe7 36.g3 Bc5 37.Ne3 Rd8 38.c4 e4 39.fxe4 dxe4 40.Bc2 Qg5 41.Nd5 f5
42.Rc6 Bd4 43.Qe1 Ra8 44.Qd1 Ra1 45.Bb1 Be5 46.Nc7 Nxg3+ 47.hxg3 Rxb1 48.
Qxb1 Qxg3 0-1

[Event "1st EUR-ch"]
[Site "Saint Vincent ITA"]
[Date "2000.07.03"]
[Round "1.31"]
[White "Mikhalevski, Victor"]
[Black "Alberton, Roberto"]
[Result "1-0"]
[WhiteElo "2532"]
[BlackElo "2147"]
[EventDate "2000.07.03"]
[PlyCount "57"]

1.d4 f5 2.g3 Nf6 3.Bg2 g6 4.Nh3 Bg7 5.Nf4 d6 6.Nc3 c6 7.d5 O-O 8.h4 cxd5 
9.h5 gxh5 10.Ncxd5 e6 11.Nxf6+ Bxf6 12.Nxh5 Bh8 13.e4 Qb6 14.O-O Qd4 15.
Bh6 Rf7 16.Qc1 f4 17.c3 Qe5 18.Qd1 f3 19.Bxf3 Qc5 20.Bg2 e5 21.Qd2 Qc7 22.
Qg5+ Bg7 23.Bxg7 Rxg7 24.Nxg7 Qxg7 25.Qxg7+ Kxg7 26.Rad1 Nc6 27.Rxd6 Kf7 
28.f4 Ke7 29.Rh6 1-0

[Event "1st EUR-ch"]
[Site "Saint Vincent ITA"]
[Date "2000.07.04"]
[Round "2"]
[White "Alexandrov, Alexei"]
[Black "Van der Weide, Karel"]
[Result "1-0"]
[WhiteElo "2591"]
[BlackElo "2467"]
[EventDate "2000.07.03"]
[PlyCount "57"]

1.d4 Nf6 2.c4 c5 3.d5 b5 4.cxb5 a6 5.bxa6 g6 6.Nc3 Bxa6 7.g3 d6 8.Bg2 Bg7 
9.Nf3 Nbd7 10.Rb1 Nb6 11.b3 Bc8 12.Nh4 h6 13.Qc2 Qd7 14.Bd2 g5 15.Nf3 Bb7 
16.e4 Ba6 17.a4 O-O 18.a5 Nc8 19.e5 Nh7 20.h4 g4 21.Ng5 Nxg5 22.hxg5 Bxe5 
23.Rxh6 f5 24.Rg6+ Kf7 25.Re6 Ke8 26.b4 cxb4 27.Rxb4 Ra7 28.Na4 Rc7 29.Qb3
1-0

[Event "1st EUR-ch"]
[Site "Saint Vincent ITA"]
[Date "2000.07.04"]
[Round "2"]
[White "Anastasian, Ashot"]
[Black "Berg, Emanuel"]
[Result "1-0"]
[WhiteElo "2571"]
[BlackElo "2456"]
[EventDate "2000.07.03"]
[PlyCount "79"]

1.d4 f5 2.c4 g6 3.Nc3 Nf6 4.g3 Bg7 5.Bg2 O-O 6.Nf3 d6 7.O-O Qe8 8.d5 Na6 
9.Be3 Bd7 10.Qd2 Ng4 11.Bd4 Bh6 12.e3 c5 13.dxc6 bxc6 14.Ne2 Nf6 15.Bxf6 
Rxf6 16.b4 Rb8 17.a3 g5 18.h4 g4 19.Nfd4 e5 20.Nb3 f4 21.exf4 exf4 22.Nxf4
Bxf4 23.gxf4 Qh5 24.Rae1 Rbf8 25.Re7 R8f7 26.Rfe1 Nc7 27.Nc5 Bf5 28.Ne4 
Bxe4 29.R1xe4 Qxh4 30.Rxf7 Kxf7 31.Qe3 Ne6 32.Qxa7+ Kg8 33.Qe3 Ng7 34.b5 
Nf5 35.Qe1 cxb5 36.cxb5 d5 37.Re5 Kg7 38.b6 Nd4 39.Rg5+ Kh6 40.Qe7 1-0

[Event "1st EUR-ch"]
[Site "Saint Vincent ITA"]
[Date "2000.07.04"]
[Round "2"]
[White "Azmaiparashvili, Zurab"]
[Black "Efimov, Igor"]
[Result "1-0"]
[WhiteElo "2673"]
[BlackElo "2520"]
[EventDate "2000.07.03"]
[PlyCount "55"]

1.d4 e6 2.c4 d5 3.Nf3 c6 4.Qc2 Nf6 5.Bg5 Nbd7 6.cxd5 cxd5 7.e3 Bd6 8.Bd3 
Nf8 9.Nc3 Bd7 10.O-O Rc8 11.Ne5 a6 12.Qb3 b5 13.Rfc1 Qc7 14.Ne2 Qb8 15.
Rxc8+ Bxc8 16.a4 Ne4 17.Bf4 Ng6 18.axb5 Bxe5 19.Bxe5 Nxe5 20.dxe5 Nc5 21.
Qc3 Nxd3 22.bxa6 Nxe5 23.a7 Qa8 24.Qxe5 O-O 25.Nf4 Bd7 26.Nh5 f6 27.Qd6 
Rf7 28.Nf4 1-0

[Event "1st EUR-ch"]
[Site "Saint Vincent ITA"]
[Date "2000.07.04"]
[Round "2"]
[White "Bauer, Christian"]
[Black "Marcelin, Cyril"]
[Result "1/2-1/2"]
[WhiteElo "2562"]
[BlackElo "2433"]
[EventDate "2000.07.03"]
[PlyCount "92"]

1.Nf3 Nf6 2.d4 g6 3.g3 Bg7 4.Bg2 O-O 5.O-O d5 6.c4 c6 7.Qb3 a5 8.Na3 a4 9.
Qb4 Nbd7 10.Rd1 Qb6 11.Bd2 Re8 12.Rac1 Ne4 13.Be1 Qxb4 14.Bxb4 e6 15.e3 
Bf8 16.Bxf8 Kxf8 17.Ne1 Nd6 18.Nd3 Nxc4 19.Nxc4 dxc4 20.Rxc4 e5 21.a3 exd4
22.Rxd4 Ra5 23.Rc1 Ne5 24.Nc5 b6 25.Ne4 c5 26.Rd6 Re6 27.Rd8+ Re8 28.Rxe8+
Kxe8 29.Nd6+ Kd7 30.Rd1 Kc7 31.f4 Ng4 32.Ne8+ Kb8 33.Rd8 Nxe3 34.Nd6 Kc7 
35.Rxc8+ Kxd6 36.Rc6+ Kd7 37.Rxb6 Nxg2 38.Kxg2 Kc7 39.Rf6 Rb5 40.Kf3 Rxb2 
41.Ke4 Rxh2 42.Kd5 Rh3 43.Kxc5 Rxg3 44.Rxf7+ Kd8 45.Rxh7 Rxa3 46.Rg7 Ke8 
1/2-1/2

[Event "1st EUR-ch"]
[Site "Saint Vincent ITA"]
[Date "2000.07.04"]
[Round "2"]
[White "Beliavsky, Alexander"]
[Black "Gelashvili, Tamaz"]
[Result "1/2-1/2"]
[WhiteElo "2654"]
[BlackElo "2519"]
[EventDate "2000.07.03"]
[PlyCount "72"]

1.d4 d5 2.c4 e6 3.Nf3 c6 4.Bg5 Be7 5.Bxe7 Qxe7 6.e3 Nf6 7.Nc3 O-O 8.Qc2 
Nbd7 9.cxd5 exd5 10.Bd3 Re8 11.O-O Nf8 12.Rab1 Ng6 13.b4 Bd7 14.b5 Rac8 
15.bxc6 Bxc6 16.Bf5 Bd7 17.Bxd7 Qxd7 18.Qb3 b6 19.a4 Rc4 20.Qa3 Rec8 21.
Rfc1 Qf5 22.Ne2 Ne4 23.Ng3 Nxg3 24.hxg3 Rxc1+ 25.Rxc1 Rxc1+ 26.Qxc1 Qd7 
27.Qa3 Qc7 28.Ne1 Nf8 29.Nd3 Ne6 30.Qb3 Qd6 31.a5 bxa5 32.Qb5 Qb6 33.Qe8+ 
Nf8 34.Nf4 Qb3 35.Qd8 a4 36.Qxd5 Qd1+ 1/2-1/2

[Event "1st EUR-ch"]
[Site "Saint Vincent ITA"]
[Date "2000.07.04"]
[Round "2"]
[White "Bunzmann, Dimitrij"]
[Black "Lutz, Christopher"]
[Result "1/2-1/2"]
[WhiteElo "2484"]
[BlackElo "2595"]
[EventDate "2000.07.03"]
[PlyCount "68"]

1.d4 Nf6 2.c4 e6 3.Nf3 b6 4.Nc3 Bb4 5.Bg5 Bb7 6.Nd2 h6 7.Bh4 Be7 8.e4 Nxe4
9.Bxe7 Nxc3 10.Bxd8 Nxd1 11.Bxc7 Nxb2 12.a4 d5 13.cxd5 exd5 14.Ra2 Nc4 15.
Nxc4 dxc4 16.Bxc4 Kd7 17.Bf4 Nc6 18.d5 Nb4 19.Rb2 Nxd5 20.Rd2 Ke6 21.O-O 
Rhd8 22.Bc7 Rd7 23.Re1+ Kf6 24.Be5+ Kg6 25.Bd3+ f5 26.g4 Kf7 27.gxf5 Rc8 
28.Bc2 Rc4 29.Red1 Rg4+ 30.Bg3 Rb4 31.f3 Rb2 32.Be5 Ra2 33.f4 Bc6 34.Bb3 
Rxd2 1/2-1/2

[Event "1st EUR-ch"]
[Site "Saint Vincent ITA"]
[Date "2000.07.04"]
[Round "2"]
[White "Epishin, Vladimir"]
[Black "Zhukova, Natalia"]
[Result "1-0"]
[WhiteElo "2567"]
[BlackElo "2450"]
[EventDate "2000.07.03"]
[PlyCount "75"]

1.d4 d5 2.c4 c6 3.Nc3 Nf6 4.Nf3 dxc4 5.a4 Bf5 6.Nh4 e6 7.Nxf5 exf5 8.e3 
Bb4 9.Bxc4 O-O 10.Qc2 g6 11.O-O Nbd7 12.Ba2 Rc8 13.f3 c5 14.Qf2 Qb6 15.Kh1
Rfd8 16.Qh4 c4 17.e4 Qxd4 18.Bg5 Be7 19.exf5 Qxh4 20.Bxh4 Re8 21.Rfe1 Bf8 
22.Rxe8 Nxe8 23.fxg6 hxg6 24.Nd5 Ne5 25.Re1 Nd7 26.Bf2 a6 27.a5 Nd6 28.g4 
Nc5 29.Bd4 Nb5 30.Bf6 Nd3 31.Ne7+ Bxe7 32.Rxe7 Nb4 33.Bxc4 Nd6 34.Bb3 Nc6 
35.Rd7 Nxa5 36.Bd5 Nac4 37.Kg1 Rf8 38.Re7 1-0